TARİH CESARETLE YAZILIR •T1 ¨80 (Kayıt no. 1088476)

MARC ayrıntıları
000 -LEADER
sabit uzunluktaki kontrol alanı 00276nam a2200097Ia 4500
001 - KONTROL NUMARASI
kontrol alanı 1088476
005 - EN SON İŞLEMİN TARİH VE ZAMANI
kontrol alanı 20250827002718.0
008 - SABİT-UZUNLUKTA VERİ ÖĞELERİ--GENEL BİLGİ
sabit uzunluktaki kontrol alanı 250824s9999 xx 000 0 und d
245 #0 - ESER / YAZAR
ESER ADI TARİH CESARETLE YAZILIR •T1 ¨80
Yazar Adı YAVUZ BAHADIROĞLU
260 ## - YAYIN, DAĞITIM, VB.
YAYIN EVİ NESİL ÇOCUK YAYINLARI
Mevcut
Düşüm durumu Kayıp durumu Hasar Durumu Ödünç verilmez Ana kütüphane Geçerli Kütüphane Edinilen tarih Toplam ödünç verme sayısı Barkod Son görüntüleme tarihi Fiyatın geçerli olmaya başladığı tarih Koha materyal türü
        CUMHURİYET MAHALLESİ AHMET HAŞHAŞ ORTAOKULU CUMHURİYET MAHALLESİ AHMET HAŞHAŞ ORTAOKULU 24.08.2025   10833164 27.08.2025 27.08.2025 Kitaplar
Gemini Bilgi Teknolojileri A.Ş. tarafından düzenlenmiştir.